El golpe en Honduras
En este se hace referencia a las inconsistencias de la destitución del presidente hondureño Zelaya, en marcado en un golpe de Estado dirigido por Micheletti; además de la situación ideológica y política, dicho hecho se desarrollo en un contexto social y economía convulso. Planteándose así, la necesi...
Salvato in:
| Natura: | testo |
|---|---|
| Soggetti: | |
| Tags: |
Aggiungi Tag
Nessun Tag, puoi essere il primo ad aggiungerne!!
|
MARC
| LEADER | 00000 a a2200000 04500 | ||
|---|---|---|---|
| 001 | 42273 | ||
| 003 | |||
| 040 | |||
| 245 | |a El golpe en Honduras | ||
| 520 | |a En este se hace referencia a las inconsistencias de la destitución del presidente hondureño Zelaya, en marcado en un golpe de Estado dirigido por Micheletti; además de la situación ideológica y política, dicho hecho se desarrollo en un contexto social y economía convulso. Planteándose así, la necesidad de intervenir como centroamericanos en el problema. | ||
| 590 | |a SJB/JUNIO2012 | ||
| 650 | |a GOLPES DE ESTADO | ||
| 650 | |a NACIONALISMO | ||
| 650 | |a CONFLICTOS POLITICOS | ||
| 650 | |a ASPECTOS POLITICOS | ||
| 650 | |a OPINION | ||
| 650 | |a HONDURAS | ||
| 650 | |a EL SAVADOR | ||
| 773 | |g volumen64, número721 (2009), páginas 305-307 | ||
| 999 | |c 22968 |d 22968 | ||
